| 000 | 01233nam a22002897a 4500 | ||
|---|---|---|---|
| 003 | PE SENCICO BE | ||
| 005 | 20251020182651.0 | ||
| 008 | 240130b |||||||| |||| 00| 0 eng d | ||
| 040 |
_aPE SENCICO BE _cPE SENCICO BE |
||
| 041 | _aspa | ||
| 084 |
_aI _aDIS _a2016 _bR21 |
||
| 100 | 1 |
_91922 _aRamirez Trujillo, Kelly Paola _eautor |
|
| 245 | 1 |
_aAcabados y enchapes de paredes en espacios interiores / _cKelly Paola Ramirez Trujillo |
|
| 246 | _aProyecto vivienda | ||
| 260 |
_aLima : _c2016 |
||
| 300 |
_a2 v. : _bil. col., tabls.; _c30 cm. |
||
| 500 | _aTexto en dos volúmenes. El volumen 2 contiene planos (30 x 40 cm.). | ||
| 502 | _aMonografía de Titulación.-- Servicio Nacional de Capacitación para la Industria de la Construcción. Escuela Superior Técnica. Carrera Profesional Técnica en Diseño de Interiores, 2016 | ||
| 505 | 0 | _av. 1: Acabados y enchapes de paredes en espacios interiores -- v. 2. Proyecto vivienda | |
| 650 | 1 | 0 |
_944 _aDiseño de interiores |
| 650 | 2 | 0 |
_9846 _aAcabados |
| 650 | 2 | 0 |
_91923 _aParedes |
| 650 | 2 | 0 |
_9427 _aPintura |
| 710 | 1 |
_aServicio Nacional de Capacitación para la Industria de la Construcción. _bEscuela Superior Técnica _91065 |
|
| 910 |
_bhfp _chfp |
||
| 942 | _cMON | ||
| 999 |
_c4539 _d4539 |
||